Kviz o Novom Pazaru - Statistics

General Stats
  • This quiz has been taken 18 times
  • The average score is 3 of 7
Answer Stats
Question Answer % Correct
Najveci procenat stanovnistva cine Bosnjaci
80%
Koji festival od ovih se odrzava u Novom Pazaru Festival Stari Grad
60%
Kojom visoravni je okruzen Pesterska visoravan
60%
Kojoj geografskoj oblasti pripada Raska
60%
Na kojoj reci se nalazi Raska
40%
Koji od ovih manastira se nalazi u Novom Pazaru Manastir Sopocani
20%
Laza Ristovski rodjen u Novom Pazaru je muzicar
0%
No matching quizzes found
Score Distribution
Percent of People with Each Score
Percentile by Number Answered
Your Score History
You have not taken this quiz